<?xml version="1.0" encoding="UTF-8"?><?xml-stylesheet type="text/xsl" href="static/style.xsl"?><OAI-PMH xmlns="http://www.openarchives.org/OAI/2.0/" xmlns:xsi="http://www.w3.org/2001/XMLSchema-instance" xsi:schemaLocation="http://www.openarchives.org/OAI/2.0/ http://www.openarchives.org/OAI/2.0/OAI-PMH.xsd"><responseDate>2026-04-27T22:01:00Z</responseDate><request verb="GetRecord" identifier="oai:uvadoc.uva.es:10324/4600" metadataPrefix="marc">https://uvadoc.uva.es/oai/request</request><GetRecord><record><header><identifier>oai:uvadoc.uva.es:10324/4600</identifier><datestamp>2021-06-29T09:45:23Z</datestamp><setSpec>com_10324_38</setSpec><setSpec>col_10324_852</setSpec></header><metadata><record xmlns="http://www.loc.gov/MARC21/slim" xmlns:doc="http://www.lyncode.com/xoai" xmlns:xsi="http://www.w3.org/2001/XMLSchema-instance" xmlns:dcterms="http://purl.org/dc/terms/" xsi:schemaLocation="http://www.loc.gov/MARC21/slim http://www.loc.gov/standards/marcxml/schema/MARC21slim.xsd">
<leader>00925njm 22002777a 4500</leader>
<datafield tag="042" ind1=" " ind2=" ">
<subfield code="a">dc</subfield>
</datafield>
<datafield tag="720" ind1=" " ind2=" ">
<subfield code="a">Romeo Santos, Silvia</subfield>
<subfield code="e">author</subfield>
</datafield>
<datafield tag="260" ind1=" " ind2=" ">
<subfield code="c">2013</subfield>
</datafield>
<datafield tag="520" ind1=" " ind2=" ">
<subfield code="a">Con la relativamente nueva tendencia hacia la educación bilingüe en España, los maestros y&#xd;
maestras han ido descubriendo que no existen directrices oficiales o acordadas que deban&#xd;
seguirse en la enseñanza de ciencias y que de forma muy significativa las escuelas tienen la&#xd;
libertad de desarrollar su propio enfoque.&#xd;
La primera parte de este trabajo analiza una metodología específica basada en el constructivismo,&#xd;
en el desarrollo del método científico, el enfoque comunicativo y en fomentar el cambio&#xd;
conceptual en los alumnos. En las secciones finales, se discute su aplicación en un aula de tercero&#xd;
de educación primaria.&#xd;
Palencia</subfield>
</datafield>
<datafield tag="024" ind2=" " ind1="8">
<subfield code="a">http://uvadoc.uva.es/handle/10324/4600</subfield>
</datafield>
<datafield ind1=" " ind2=" " tag="653">
<subfield code="a">Enseñanza Bilingüe- Estudio y enseñanza (Primaria)</subfield>
</datafield>
<datafield tag="245" ind1="0" ind2="0">
<subfield code="a">Bilingual science teaching : methodology and application in primary education classrooms</subfield>
</datafield>
</record></metadata></record></GetRecord></OAI-PMH>